000 00644cab a2200217 4500
001 WB3215-111
008 090401t1996 xxu||||| |||| 00| 0 eng d
035 _a(Sirsi) u76428
041 _aeng
245 _aTaxation of rents
260 _c1996
350 _a0
490 _aInland Revenue Press Release
_v3 April 1996, (2)
520 _aAn Inland Revenue guide shows how rental income and other income from land is subject to income tax and how income from overseas property is taxable.
650 _aINCOME TAX
650 _aPROPERTY INCOME
650 _aRENTAL INCOME
690 _aTAXATION
942 _n0
948 _c04/03/1997
999 _c48076
_d48076